10 Most Common Surnames Quiz Stats

 Plays Quiz Updated Feb 19, 2018

Challenge
Share
Tweet
Embed
Score 0/10 Timer 02:00
3 Plays Today
% Correct
Smith
88.1%
Johnson
76%
Jones
73.8%
Brown
67.5%
Williams
65.7%
Miller
48.5%
Davis
39.6%
Garcia
39.4%
Rodriguez
39%
Wilson
33.1%

You're not logged in!

Compare scores with friends on all Sporcle quizzes.
Join for Free
OR
Log In

You Might Also Like...

Show Comments

Extras

Top Quizzes Today


Score Distribution

Your Account Isn't Verified!

In order to create a playlist on Sporcle, you need to verify the email address you used during registration. Go to your Sporcle Settings to finish the process.

Report this User

Report this user for behavior that violates our Community Guidelines.

Details: